[Event "Jack Taylor mem"]
[Site "Victoria CAN"]
[Date "2004.11.20"]
[Round "1.4"]
[White "Brown, Paul"]
[Black "Aquino, Manfrei"]
[Result "1-0"]
[WhiteElo "2246"]
[BlackElo "1908"]
[PlyCount "71"]
[GameId "2160767911052493"]
[EventDate "2004.11.20"]
[EventType "swiss"]
[EventRounds "4"]
[EventCountry "CAN"]

1. e4 e5 2. Nf3 Nc6 3. d4 exd4 4. Nxd4 Bc5 5. Nb3 Bb6 6. Nc3 Nf6 7. Bg5 h6 8. Bh4 g5 9. Bg3 d6 10. Qd2 Be6 11. O-O-O a6 12. f3 Qe7 13. Bf2 Bxf2 14. Qxf2 Bxb3 15. axb3 O-O-O 16. Bc4 Kb8 17. Rhe1 Ne5 18. Bf1 c6 19. Kb1 Rhe8 20. Rd4 Qc7 21. Red1 Re6 22. Bc4 Nxc4 23. bxc4 Nd7 24. Qg3 Ne5 25. c5 Kc8 26. h4 f6 27. hxg5 hxg5 28. Qh3 Qd7 29. Na4 Kc7 30. f4 gxf4 31. Qb3 Kb8 32. cxd6 Ree8 33. Nc5 Qf7 34. Qb6 Rd7 35. Nxa6+ Kc8 36. Qa7 1-0

[Event "Jack Taylor mem"]
[Site "Victoria CAN"]
[Date "2004.11.20"]
[Round "1.5"]
[White "Leblanc, Paul"]
[Black "Martinovsky, Ian"]
[Result "0-1"]
[WhiteElo "1847"]
[BlackElo "2225"]
[PlyCount "65"]
[GameId "2160767911052494"]
[EventDate "2004.11.20"]
[EventType "swiss"]
[EventRounds "4"]
[EventCountry "CAN"]

1. d4 g6 2. g3 Bg7 3. Bg2 c5 4. d5 d6 5. c4 Nd7 6. e4 b5 7. Na3 Qa5+ 8. Bd2 b4 9. Qc2 Ba6 10. Nf3 Qb6 11. Nb1 Bxc4 12. Bf1 Bxa2 13. Qa4 Bxb1 14. Rxb1 Ngf6 15. Bd3 O-O 16. O-O Rfc8 17. b3 a5 18. Rfe1 Qb7 19. Bb5 Nb6 20. Bc6 Qa6 21. Qa2 Ra7 22. Rbc1 Qd3 23. Re3 Qa6 24. Ree1 Ng4 25. Qc2 Nd7 26. Ba4 Nde5 27. Nxe5 Nxe5 28. Re3 Rac7 29. h3 c4 30. Rce1 cxb3 31. Qxb3 Nc4 32. R3e2 Nxd2 33. Rxd2 0-1

[Event "Jack Taylor mem"]
[Site "Victoria CAN"]
[Date "2004.11.20"]
[Round "1.6"]
[White "Davies, Lucas"]
[Black "Churchill, Sam"]
[Result "1-0"]
[WhiteElo "2176"]
[BlackElo "1607"]
[PlyCount "61"]
[GameId "2160767911052495"]
[EventDate "2004.11.20"]
[EventType "swiss"]
[EventRounds "4"]
[EventCountry "CAN"]

1. e4 Nf6 2. e5 Nd5 3. d4 d6 4. c4 Nb6 5. exd6 cxd6 6. Nc3 g6 7. Be3 Bg7 8. Rc1 O-O 9. b3 Nc6 10. d5 Ne5 11. Be2 Ned7 12. f4 Nf6 13. Nf3 Bg4 14. O-O Nbd7 15. h3 Bxf3 16. Bxf3 a6 17. Rc2 Qa5 18. Bd4 b5 19. cxb5 axb5 20. Re1 Rfe8 21. Qd3 Qb4 22. Rce2 Nh5 23. Bxg7 Nxf4 24. Qd4 Nxe2+ 25. Rxe2 Qa5 26. Bh6 f6 27. Bg4 Nf8 28. Ne4 Qd8 29. Ng5 e5 30. dxe6 Qe7 31. Ne4 1-0

[Event "Jack Taylor mem"]
[Site "Victoria CAN"]
[Date "2004.11.20"]
[Round "1.7"]
[White "Sutherland, Daniel"]
[Black "Ferguson, Jim"]
[Result "0-1"]
[WhiteElo "1481"]
[BlackElo "2125"]
[PlyCount "58"]
[GameId "2160767911052496"]
[EventDate "2004.11.20"]
[EventType "swiss"]
[EventRounds "4"]
[EventCountry "CAN"]

1. e4 c5 2. Nf3 d6 3. d4 Nf6 4. Nc3 cxd4 5. Nxd4 a6 6. Be2 e5 7. Nb3 Be7 8. Be3 Be6 9. f4 exf4 10. Bxf4 Nc6 11. Nd4 Nxd4 12. Qxd4 Qa5 13. b4 Qc7 14. Bd3 Rc8 15. Ne2 Nd7 16. Rc1 Ne5 17. a3 O-O 18. O-O Bf6 19. Qe3 Ng6 20. e5 dxe5 21. Bh6 Bd8 22. c4 gxh6 23. Qxh6 Qe7 24. Qh5 Qg5 25. Qf3 f5 26. Qxb7 e4 27. Bb1 Qe3+ 28. Kh1 Qxe2 29. Rce1 Qxc4 0-1

[Event "Jack Taylor mem"]
[Site "Victoria CAN"]
[Date "2004.11.20"]
[Round "1.8"]
[White "Lither, David"]
[Black "Bowles, Malcolm"]
[Result "1-0"]
[WhiteElo "2007"]
[BlackElo "1333"]
[PlyCount "101"]
[GameId "2160767911052497"]
[EventDate "2004.11.20"]
[EventType "swiss"]
[EventRounds "4"]
[EventCountry "CAN"]

1. c4 Nf6 2. Nc3 g6 3. g3 Bg7 4. Bg2 O-O 5. e4 d6 6. Nge2 c5 7. O-O Nc6 8. d3 Bg4 9. h3 Bxe2 10. Nxe2 Ne8 11. f4 Nc7 12. f5 Qd7 13. Be3 b6 14. Qd2 Rad8 15. Bh6 Ne8 16. fxg6 hxg6 17. Bxg7 Kxg7 18. d4 Rh8 19. Qf4 Rf8 20. e5 Nc7 21. exd6 exd6 22. Qf6+ Kg8 23. dxc5 Ne8 24. Bxc6 Nxf6 25. Bxd7 Nxd7 26. cxd6 Nc5 27. Rad1 Ne4 28. d7 Nc5 29. Rf6 Rxd7 30. Rxd7 Nxd7 31. Rd6 Ne5 32. b3 Re8 33. Kf2 Kg7 34. Nc3 Rb8 35. Rd5 Nc6 36. Ne4 Nb4 37. Rd2 Nc6 38. Rd7 Ra8 39. Nd6 Nb4 40. Rxf7+ Kh6 41. a3 Nd3+ 42. Kf3 Nc1 43. b4 Na2 44. c5 bxc5 45. bxc5 Nc3 46. c6 Nd5 47. Ke4 Nb6 48. Rb7 Kg5 49. c7 Kf6 50. Rb8 Rxb8 51. cxb8=Q 1-0

[Event "Jack Taylor mem"]
[Site "Victoria CAN"]
[Date "2004.11.20"]
[Round "2"]
[White "Ferguson, Jim"]
[Black "Brown, Paul2"]
[Result "1-0"]
[WhiteElo "2173"]
[BlackElo "2104"]
[PlyCount "49"]
[GameId "2160767911052498"]
[EventDate "2004.11.20"]
[EventType "swiss"]
[EventRounds "4"]
[EventCountry "CAN"]
[SourceTitle "EXT 2006"]
[Source "ChessBase"]
[SourceDate "2005.11.24"]
[SourceVersion "1"]
[SourceVersionDate "2005.11.24"]
[SourceQuality "1"]

1. Nf3 Nf6 2. c4 e6 3. Nc3 Bb4 4. g3 O-O 5. Bg2 d5 6. Qb3 Be7 7. d4 c6 8. O-O dxc4 9. Qxc4 b5 10. Qb3 a5 11. Bf4 a4 12. Qc2 Qb6 13. e4 Bb7 14. e5 Nd5 15. Bg5 Qd8 16. Ne4 f5 17. exf6 gxf6 18. Bh6 Rf7 19. Rfe1 Bc8 20. a3 Qb6 21. Nc3 Na6 22. Bh3 Nac7 23. Rac1 Bd7 24. Nxd5 Nxd5 25. Bxe6 1-0

[Event "Jack Taylor mem"]
[Site "Victoria CAN"]
[Date "2004.11.20"]
[Round "2.1"]
[White "Yoos, John"]
[Black "Davies, Lucas"]
[Result "1-0"]
[WhiteElo "2382"]
[BlackElo "2175"]
[PlyCount "45"]
[GameId "2160767911052499"]
[EventDate "2004.11.20"]
[EventType "swiss"]
[EventRounds "4"]
[EventCountry "CAN"]

1. e4 c6 2. d4 d5 3. e5 Bf5 4. Nc3 Qb6 5. Nf3 e6 6. Be2 Nd7 7. O-O Ne7 8. b3 c5 9. dxc5 Nxc5 10. Be3 Nc6 11. Nd4 Nxd4 12. Bxd4 a6 13. f4 Qc7 14. g4 Be4 15. b4 Nd7 16. Nxe4 dxe4 17. c3 f5 18. Qb3 Ke7 19. Bc4 Qc6 20. gxf5 exf5 21. Bd5 Qc7 22. Be6 g6 23. Bxd7 1-0

[Event "Jack Taylor mem"]
[Site "Victoria CAN"]
[Date "2004.11.20"]
[Round "2.2"]
[White "Moore, Harry"]
[Black "Lither, David"]
[Result "1/2-1/2"]
[WhiteElo "2280"]
[BlackElo "2007"]
[PlyCount "124"]
[GameId "2160767911052500"]
[EventDate "2004.11.20"]
[EventType "swiss"]
[EventRounds "4"]
[EventCountry "CAN"]

1. e4 d5 2. exd5 Qxd5 3. Nc3 Qa5 4. d4 Nf6 5. Nf3 Bf5 6. Bd2 c6 7. Bc4 e6 8. Ne5 Be7 9. Qe2 Qb6 10. O-O-O Qxd4 11. Bh6 Qh4 12. Be3 Nd5 13. Nxd5 exd5 14. Bd3 Bxd3 15. Rxd3 Qe4 16. f4 Nd7 17. Nxd7 Kxd7 18. Qg4+ f5 19. Qg3 Raf8 20. Rd4 Qe6 21. Ra4 a6 22. Bd4 Bf6 23. Qb3 b5 24. Bxf6 gxf6 25. Rxa6 Ra8 26. Qa3 Rxa6 27. Qxa6 Qe3+ 28. Kb1 Re8 29. Qb7+ Kd6 30. a4 bxa4 31. Qb4+ Qc5 32. Qxa4 Re2 33. g3 h5 34. Qb3 Qd4 35. Qb8+ Kd7 36. Qb7+ Kd6 37. Rc1 Qe4 38. Qf7 Rxh2 39. Qxf6+ Kd7 40. Qc3 d4 41. Qc4 Kd6 42. Rd1 Rh1 43. Qb4+ Kc7 44. Qa5+ Kd6 45. Qe5+ Kd7 46. Rxh1 Qxh1+ 47. Ka2 Qe4 48. Qg7+ Kd6 49. Qh6+ Qe6+ 50. Qxe6+ Kxe6 51. Kb3 Kd5 52. Kb4 c5+ 53. Kb3 c4+ 54. Kb4 d3 55. cxd3 cxd3 56. Kc3 Ke4 57. Kd2 Kf3 58. b4 Kxg3 59. b5 h4 60. b6 h3 61. b7 h2 62. b8=Q h1=Q 1/2-1/2

[Event "Jack Taylor mem"]
[Site "Victoria CAN"]
[Date "2004.11.20"]
[Round "2.5"]
[White "Raymer, Elliot"]
[Black "Scoones, Dan"]
[Result "0-1"]
[WhiteElo "1530"]
[BlackElo "2297"]
[PlyCount "60"]
[GameId "2160767911052501"]
[EventDate "2004.11.20"]
[EventType "swiss"]
[EventRounds "4"]
[EventCountry "CAN"]

1. e4 c5 2. d4 cxd4 3. c3 dxc3 4. Nxc3 Nc6 5. Bc4 d6 6. Nf3 e6 7. O-O Nf6 8. Bf4 a6 9. Qe2 Qc7 10. Rac1 Bd7 11. Rfd1 Rd8 12. a3 Ne5 13. Bxe5 dxe5 14. Bb3 Qb6 15. Ba2 Bd6 16. Nd2 Bc7 17. Nc4 Qa7 18. h3 O-O 19. Rd3 Bc6 20. Rg3 Rd4 21. Qe3 Nxe4 22. Nxe4 Bxe4 23. Qh6 Bg6 24. Qe3 Qb8 25. Re1 b5 26. Nxe5 Re4 27. Qxe4 Bxe4 28. Nd7 Qa8 29. Nxf8 Bxg3 30. fxg3 Kxf8 0-1

[Event "Jack Taylor mem"]
[Site "Victoria CAN"]
[Date "2004.11.20"]
[Round "2.6"]
[White "Lane, Travis"]
[Black "Wild, Joshua"]
[Result "1-0"]
[WhiteElo "2007"]
[BlackElo "1305"]
[PlyCount "77"]
[GameId "2160767911052502"]
[EventDate "2004.11.20"]
[EventType "swiss"]
[EventRounds "4"]
[EventCountry "CAN"]

1. e4 e5 2. f4 exf4 3. Nf3 Nc6 4. Bc4 Bc5 5. d4 Bb6 6. Bxf4 d6 7. O-O Nge7 8. c3 O-O 9. Bg5 Kh8 10. Nbd2 f6 11. Be3 Bg4 12. Qe1 d5 13. Bd3 dxe4 14. Nxe4 Bf5 15. Nh4 Bxe4 16. Bxe4 Nd5 17. Bxd5 Qxd5 18. Qg3 Qe4 19. Rae1 Qd5 20. Qh3 Qf7 21. Rf3 Rae8 22. Rg3 Ne7 23. Bd2 Qh5 24. Rge3 Nd5 25. Rxe8 Rxe8 26. Rxe8+ Qxe8 27. Qf3 c6 28. Nf5 Qg6 29. h4 h6 30. h5 Qh7 31. c4 Ne7 32. Nxe7 Bxd4+ 33. Kh2 Qc2 34. Ng6+ Kh7 35. Bc3 Bxc3 36. Qxc3 Qe2 37. Nf4 Qf2 38. Qd3+ Kh8 39. Ng6+ 1-0

[Event "Jack Taylor mem"]
[Site "Victoria CAN"]
[Date "2004.11.20"]
[Round "2.7"]
[White "Aquino, Manfrei"]
[Black "Sutherland, Daniel"]
[Result "1-0"]
[WhiteElo "1908"]
[BlackElo "1481"]
[PlyCount "46"]
[GameId "2160767911052503"]
[EventDate "2004.11.20"]
[EventType "swiss"]
[EventRounds "4"]
[EventCountry "CAN"]

1. d4 d5 2. c4 Bf5 3. cxd5 Qxd5 4. Nc3 Qd7 5. e4 Bg6 6. Nf3 e6 7. Qb3 Nc6 8. Bb5 a6 9. Ne5 Qd6 10. Qa4 Nge7 11. Bf4 O-O-O 12. Nxg6 Qxd4 13. Nxh8 axb5 14. Qa8+ Nb8 15. Rd1 Nec6 16. Rxd4 Nxd4 17. Nxf7 Rd7 18. Ne5 Rd6 19. Nxb5 Nc2+ 20. Ke2 Ra6 21. Na7+ Kd8 22. Qxb8+ Ke7 23. Qxc7+ Ke8 1-0

[Event "Jack Taylor mem"]
[Site "Victoria CAN"]
[Date "2004.11.21"]
[Round "3.1"]
[White "Martinovsky, Ian"]
[Black "Yoos, John"]
[Result "1/2-1/2"]
[WhiteElo "2225"]
[BlackElo "2382"]
[PlyCount "39"]
[GameId "2160767911052504"]
[EventDate "2004.11.20"]
[EventType "swiss"]
[EventRounds "4"]
[EventCountry "CAN"]

1. c4 e5 2. g3 Nf6 3. Bg2 d5 4. cxd5 Nxd5 5. Nf3 Nc6 6. O-O Be7 7. d4 exd4 8. Nxd4 Nxd4 9. Qxd4 Nf6 10. Qa4+ Qd7 11. Qb3 c6 12. Nc3 Qe6 13. Qc2 O-O 14. Bf4 Bd6 15. Bxd6 Qxd6 16. Rad1 Qc5 17. Rd2 h6 18. Nd5 Qxc2 19. Nxf6+ gxf6 20. Rxc2 1/2-1/2

[Event "Jack Taylor mem"]
[Site "Victoria CAN"]
[Date "2004.11.21"]
[Round "3.3"]
[White "Brown, Paul"]
[Black "Lane, Travis"]
[Result "1-0"]
[WhiteElo "2246"]
[BlackElo "2007"]
[PlyCount "87"]
[GameId "2160767911052505"]
[EventDate "2004.11.20"]
[EventType "swiss"]
[EventRounds "4"]
[EventCountry "CAN"]

1. e4 c5 2. Nc3 Nc6 3. g3 g6 4. Bg2 Rb8 5. d3 b5 6. f4 b4 7. Nce2 Bg7 8. Nf3 e6 9. Be3 Bxb2 10. Rb1 Bg7 11. Bxc5 d6 12. Be3 Qa5 13. O-O Qxa2 14. Ned4 Nxd4 15. Nxd4 Qa4 16. f5 e5 17. Nb3 Qd7 18. Ra1 a6 19. Qd2 f6 20. Na5 Rb5 21. Nc4 Qc7 22. Qf2 Ne7 23. Nb6 Bb7 24. g4 Nc8 25. Nxc8 Bxc8 26. Rfb1 g5 27. d4 a5 28. d5 Bf8 29. Bf1 Rb7 30. Ba6 Rb8 31. Bd3 Be7 32. Kg2 Bd8 33. h4 h6 34. hxg5 hxg5 35. Rh1 Rxh1 36. Rxh1 a4 37. Rh8+ Kd7 38. Qf1 Qb7 39. Rh7+ Be7 40. Bxg5 fxg5 41. f6 Kc7 42. Rxe7+ Bd7 43. Qf5 Kc8 44. f7 1-0

[Event "Jack Taylor mem"]
[Site "Victoria CAN"]
[Date "2004.11.21"]
[Round "3.4"]
[White "Scoones, Dan"]
[Black "Ferguson, Jim"]
[Result "1-0"]
[WhiteElo "2297"]
[BlackElo "2125"]
[PlyCount "29"]
[GameId "2160767911052506"]
[EventDate "2004.11.20"]
[EventType "swiss"]
[EventRounds "4"]
[EventCountry "CAN"]

1. g3 g6 2. Bg2 Bg7 3. d4 d6 4. Nc3 Nd7 5. e4 e5 6. Nge2 Ne7 7. Be3 O-O 8. Qd2 exd4 9. Bxd4 Nf6 10. h3 Nc6 11. Be3 Ne5 12. b3 c5 13. Rd1 Qa5 14. Qxd6 c4 15. b4 1-0

[Event "Jack Taylor mem"]
[Site "Victoria CAN"]
[Date "2004.11.21"]
[Round "3.5"]
[White "Davies, Lucas"]
[Black "Aquino, Manfrei"]
[Result "0-1"]
[WhiteElo "2175"]
[BlackElo "1908"]
[PlyCount "92"]
[GameId "2160767911052507"]
[EventDate "2004.11.20"]
[EventType "swiss"]
[EventRounds "4"]
[EventCountry "CAN"]

1. e4 e5 2. Nf3 Nc6 3. Bb5 a6 4. Ba4 Nf6 5. O-O Be7 6. Re1 b5 7. Bb3 d6 8. h3 O-O 9. c3 Na5 10. Bc2 c5 11. d4 cxd4 12. cxd4 Qc7 13. Nbd2 Bd7 14. Nf1 Rac8 15. Re2 Rfe8 16. Ng3 g6 17. Bg5 Nc4 18. Bd3 Nb6 19. Rc1 Qb8 20. Rec2 Rxc2 21. Rxc2 Rc8 22. Rxc8+ Bxc8 23. Qc2 Bb7 24. d5 Qc8 25. Qxc8+ Bxc8 26. Nd2 Nfxd5 27. Bxe7 Nxe7 28. Ne2 Be6 29. b3 Kf8 30. Nc3 Ke8 31. Kf1 Kd7 32. Ke2 Kc6 33. Kd1 d5 34. f3 d4 35. Ne2 g5 36. g4 Kc5 37. Nc1 Ng6 38. Bf1 Nf4 39. Nd3+ Nxd3 40. Bxd3 Kb4 41. Nb1 Bxb3+ 42. axb3 Kxb3 43. Kc1 Nc4 44. Be2 a5 45. Bd3 a4 46. Be2 a3 0-1

[Event "Jack Taylor mem"]
[Site "Victoria CAN"]
[Date "2004.11.21"]
[Round "3.8"]
[White "Churchill, Sam"]
[Black "Sutherland, Daniel"]
[Result "0-1"]
[WhiteElo "1607"]
[BlackElo "1481"]
[PlyCount "64"]
[GameId "2160767911052508"]
[EventDate "2004.11.20"]
[EventType "swiss"]
[EventRounds "4"]
[EventCountry "CAN"]

1. e4 Nc6 2. d4 e6 3. f4 d5 4. e5 Nge7 5. Nf3 Nf5 6. c3 Bd7 7. Bd3 h6 8. h4 Be7 9. h5 Na5 10. g4 Ng3 11. Rh3 Ne4 12. Qe2 c5 13. Be3 Qb6 14. Qc2 Bc6 15. Nfd2 O-O-O 16. a3 c4 17. Bxe4 Nb3 18. Nxb3 cxb3 19. Qf2 Bb5 20. Bf3 Qa6 21. Be2 f6 22. Nd2 Rdg8 23. Qf1 Bxe2 24. Qxe2 Qa4 25. Rc1 Kb8 26. Qd1 fxe5 27. dxe5 g6 28. Nxb3 gxh5 29. gxh5 Qe4 30. Nd2 Rg1+ 31. Nf1 Bh4+ 32. Kd2 Rg2+ 0-1

[Event "Jack Taylor mem"]
[Site "Victoria CAN"]
[Date "2004.11.21"]
[Round "4.1"]
[White "Yoos, John"]
[Black "Scoones, Dan"]
[Result "1-0"]
[WhiteElo "2382"]
[BlackElo "2297"]
[PlyCount "69"]
[GameId "2160767911052510"]
[EventDate "2004.11.20"]
[EventType "swiss"]
[EventRounds "4"]
[EventCountry "CAN"]

1. e4 e6 2. d4 d5 3. e5 c5 4. c3 Nc6 5. Nf3 Qb6 6. a3 Nh6 7. b4 cxd4 8. cxd4 Nf5 9. Bb2 Bd7 10. Qd2 Be7 11. Be2 Nh4 12. Nxh4 Bxh4 13. O-O Be7 14. Bc3 a6 15. Qb2 f6 16. Bh5+ g6 17. Bf3 O-O 18. Re1 Rac8 19. Ra2 fxe5 20. dxe5 d4 21. Bd2 Rf5 22. Be4 Rxe5 23. Bf4 Rb5 24. Bd3 Rd5 25. Nd2 Qd8 26. Qb1 Kg7 27. Be4 Rb5 28. Nf3 Qf8 29. Bxc6 Rxc6 30. Qe4 Rd5 31. Nxd4 Bf6 32. Nxc6 Bxc6 33. Qe3 Bd4 34. Bh6+ Kg8 35. Qxe6+ 1-0

[Event "Jack Taylor mem"]
[Site "Victoria CAN"]
[Date "2004.11.21"]
[Round "4.4"]
[White "Struthers, Matthew"]
[Black "Aquino, Manfrei"]
[Result "1/2-1/2"]
[WhiteElo "2032"]
[BlackElo "1908"]
[PlyCount "89"]
[GameId "2160767911052511"]
[EventDate "2004.11.20"]
[EventType "swiss"]
[EventRounds "4"]
[EventCountry "CAN"]

1. d4 f5 2. Bg5 g6 3. f4 Bg7 4. c4 c5 5. e3 Nf6 6. Nc3 Qa5 7. Qd2 O-O 8. d5 Re8 9. Nf3 e6 10. d6 Nc6 11. Be2 e5 12. O-O e4 13. Ne1 a6 14. Rd1 Rb8 15. a4 Re6 16. Nd5 Qxd2 17. Nxf6+ Bxf6 18. Rxd2 Bxg5 19. fxg5 Nd8 20. g4 Nf7 21. gxf5 gxf5 22. Rxf5 b6 23. Rf6 Nxg5 24. Rxe6 Nxe6 25. Bg4 Nd8 26. Ng2 Nf7 27. Bf5 Bb7 28. Bxd7 Rd8 29. Be6 Kg7 30. Nh4 Kf6 31. Bxf7 Kxf7 32. Nf5 Ke6 33. Rf2 Ke5 34. Nh6 Ke6 35. Nf7 Rg8+ 36. Kf1 Bc6 37. b3 Be8 38. Nh6 Rg6 39. Nf5 Ke5 40. Ng3 Rxd6 41. Rf5+ Ke6 42. Nxe4 Rd3 43. Rxc5 Rxe3 44. Ng5+ Ke7 45. Rc7+ 1/2-1/2

[Event "Jack Taylor mem"]
[Site "Victoria CAN"]
[Date "2004.11.21"]
[Round "4.5"]
[White "Lane, Travis"]
[Black "Leblanc, Paul"]
[Result "0-1"]
[WhiteElo "2007"]
[BlackElo "1847"]
[PlyCount "54"]
[GameId "2160767911052512"]
[EventDate "2004.11.20"]
[EventType "swiss"]
[EventRounds "4"]
[EventCountry "CAN"]

1. e4 c6 2. d4 d5 3. e5 c5 4. dxc5 e6 5. Be3 Nd7 6. Bb5 Qc7 7. Qd4 Ne7 8. g4 h5 9. Nc3 hxg4 10. Qxg4 Nf5 11. Nf3 Nxe3 12. fxe3 Qxc5 13. Nd4 a6 14. Bxd7+ Bxd7 15. O-O-O O-O-O 16. h4 Kb8 17. Qf4 Be8 18. h5 Qb6 19. Rd3 g6 20. Qf6 Rxh5 21. Rxh5 gxh5 22. Nxe6 fxe6 23. Qxf8 Bg6 24. Qh6 Bxd3 25. cxd3 Rg8 26. Qxh5 Qxe3+ 27. Kc2 Rg2+ 0-1

[Event "Jack Taylor mem"]
[Site "Victoria CAN"]
[Date "2004.11.21"]
[Round "4.7"]
[White "Raymer, Evan"]
[Black "Cannor, Farley"]
[Result "1-0"]
[WhiteElo "1661"]
[BlackElo "1330"]
[PlyCount "67"]
[GameId "2160767911052513"]
[EventDate "2004.11.20"]
[EventType "swiss"]
[EventRounds "4"]
[EventCountry "CAN"]

1. e4 e5 2. Nf3 Nc6 3. Bc4 Bc5 4. d3 Nf6 5. Nc3 d6 6. a3 Nd4 7. Bg5 Bg4 8. h3 Bxf3 9. gxf3 h6 10. Bh4 g5 11. Bg3 Qd7 12. Nd5 Nxd5 13. Bxd5 O-O 14. c3 Nc6 15. h4 Kg7 16. hxg5 hxg5 17. Qd2 f6 18. O-O-O Rh8 19. Bxc6 bxc6 20. d4 exd4 21. cxd4 Bb6 22. f4 g4 23. f5 Rhg8 24. Rh6 Qf7 25. Rdh1 Qc4+ 26. Kb1 Bxd4 27. Rg6+ Kf7 28. Rh7+ Ke8 29. Rxg8+ Qxg8 30. Qh6 Qb3 31. Rh8+ Ke7 32. Qg7+ Qf7 33. Qxf7+ Kxf7 34. Rxa8 1-0

[Event "Johnchess"]
[Site "Edmonton CAN"]
[Date "2004.07.05"]
[Round "?"]
[White "Hughey, Micah"]
[Black "Asquith, Tom"]
[Result "1-0"]
[WhiteElo "2015"]
[BlackElo "1667"]
[PlyCount "47"]
[GameId "2160767911217391"]
[EventDate "2004.??.??"]
[EventType "tourn (rapid)"]
[EventRounds "5"]
[EventCountry "CAN"]
[SourceTitle "EXT 2006"]
[Source "ChessBase"]
[SourceDate "2005.11.24"]
[SourceVersion "1"]
[SourceVersionDate "2005.11.24"]
[SourceQuality "1"]

1. e4 c5 2. d4 cxd4 3. c3 dxc3 4. Nxc3 d6 5. Nf3 e5 6. Bc4 Qc7 7. Qe2 Bg4 8. Nd5 Qd7 9. Be3 Nf6 10. h3 Bh5 11. Nxf6+ gxf6 12. g4 Bg6 13. Nd2 Nc6 14. f3 a6 15. Nf1 Be7 16. Ng3 b5 17. Bd5 Rc8 18. a4 Nb4 19. Bb3 d5 20. axb5 Qxb5 21. Qxb5+ axb5 22. exd5 Nd3+ 23. Ke2 Nxb2 24. Ne4 1-0

[Event "Kent Oliver mem."]
[Site "Winnipeg CAN"]
[Date "2004.01.16"]
[Round "1"]
[White "Anderson, George"]
[Black "Katona, John"]
[Result "0-1"]
[WhiteElo "1469"]
[BlackElo "1839"]
[PlyCount "91"]
[GameId "2160767911200609"]
[EventDate "2004.01.16"]
[EventType "swiss"]
[EventRounds "5"]
[EventCountry "CAN"]
[SourceTitle "EXT 2005"]
[Source "ChessBase"]
[SourceDate "2004.11.15"]
[SourceVersion "1"]
[SourceVersionDate "2004.11.15"]
[SourceQuality "1"]

1. e4 c5 2. b4 cxb4 3. d4 Nf6 4. e5 Nd5 5. Nf3 Qc7 6. Bd3 Nc6 7. Bb2 e6 8. O-O b6 9. Nbd2 Bb7 10. Ng5 h6 11. Qh5 hxg5 12. Qxh8 O-O-O 13. Ne4 Nf4 14. Nxg5 Nxd4 15. Bxd4 Bc5 16. Qh4 Bxd4 17. Qxf4 Bxe5 18. Qc4 Bxh2+ 19. Kh1 Bc6 20. Qh4 Be5 21. Nxf7 Bf6 22. Qh5 Rf8 23. Rad1 d5 24. Ba6+ Kb8 25. Nh8 g6 26. Nxg6 Be8 27. Bd3 Bxg6 28. Bxg6 Rh8 29. Qxh8+ Bxh8 30. g4 Qf4 31. f3 Be5 32. Rf2 Qg5 33. Bh5 Kc7 34. Kg2 Kd6 35. Rdf1 Qf4 36. Kh1 a5 37. Re1 Bc3 38. Ree2 e5 39. Kg2 a4 40. Be8 a3 41. Rf1 Qc4 42. Re3 Qxa2 43. Ba4 Qc4 44. Rd3 Bd4 45. Rfd1 Bc5 46. R1d2 0-1

[Event "Kent Oliver mem."]
[Site "Winnipeg CAN"]
[Date "2004.01.16"]
[Round "1"]
[White "Gannon, Keith"]
[Black "Kaptsan, Aron"]
[Result "0-1"]
[WhiteElo "1583"]
[BlackElo "1941"]
[PlyCount "152"]
[GameId "2160767911200610"]
[EventDate "2004.01.16"]
[EventType "swiss"]
[EventRounds "5"]
[EventCountry "CAN"]
[SourceTitle "EXT 2005"]
[Source "ChessBase"]
[SourceDate "2004.11.15"]
[SourceVersion "1"]
[SourceVersionDate "2004.11.15"]
[SourceQuality "1"]

1. Nf3 c5 2. b3 Nf6 3. Bb2 g6 4. e4 Bg7 5. Bc4 d6 6. O-O O-O 7. Re1 e5 8. Nc3 a6 9. a4 Nc6 10. Nd5 Nxd5 11. Bxd5 Ne7 12. Bc4 h6 13. c3 Kh7 14. d4 Qc7 15. Rc1 Bd7 16. dxe5 dxe5 17. b4 Rad8 18. Qc2 b5 19. axb5 axb5 20. Be2 c4 21. Red1 f5 22. Nd2 f4 23. Ra1 Ra8 24. Rxa8 Rxa8 25. Ra1 Rxa1+ 26. Bxa1 Qa7 27. Qd1 Bf6 28. g3 fxg3 29. hxg3 Bc6 30. Bb2 Nc8 31. Kg2 Qa2 32. Bc1 Be7 33. Bg4 Nb6 34. Qf3 Be8 35. Nf1 Qa7 36. Be6 Kg7 37. Be3 Qb7 38. Bxb6 Qxb6 39. Bd5 Qf6 40. Nd2 Qxf3+ 41. Nxf3 Kf6 42. Nd2 h5 43. Kf3 Bd7 44. Ke3 Bf8 45. Ke2 Bh6 46. Nf1 g5 47. f3 Ke7 48. Nh2 Kd6 49. Bf7 h4 50. gxh4 gxh4 51. Bd5 Bf4 52. Nf1 h3 53. Kf2 h2 54. Nxh2 Bxh2 55. Ke3 Bf4+ 56. Ke2 Ke7 57. Bb7 Kf6 58. Ba8 Kg5 59. Bb7 Kh4 60. Bd5 Kg3 61. Bb7 Bc1 62. Kd1 Ba3 63. Kc2 Kxf3 64. Bd5 Kf4 65. Ba8 Kg5 66. Bd5 Kf6 67. Ba8 Ke7 68. Bd5 Kd6 69. Bg8 Bc6 70. Bh7 Ke7 71. Bf5 Kf6 72. Bc8 Kg5 73. Kd2 Kf4 74. Ba6 Kxe4 75. Ke2 Kf4 76. Kf2 Bb2 0-1

[Event "Kent Oliver mem."]
[Site "Winnipeg CAN"]
[Date "2004.01.16"]
[Round "1"]
[White "Khedkar, Jay S"]
[Black "Mor, Shai"]
[Result "1-0"]
[WhiteElo "1926"]
[BlackElo "1497"]
[PlyCount "57"]
[GameId "2160767911200611"]
[EventDate "2004.01.16"]
[EventType "swiss"]
[EventRounds "5"]
[EventCountry "CAN"]
[SourceTitle "EXT 2005"]
[Source "ChessBase"]
[SourceDate "2004.11.15"]
[SourceVersion "1"]
[SourceVersionDate "2004.11.15"]
[SourceQuality "1"]

1. e4 e5 2. Nf3 f5 3. Nxe5 fxe4 4. Qh5+ g6 5. Nxg6 Nf6 6. Qe5+ Kf7 7. Nxh8+ Kg7 8. Nc3 Nc6 9. Qg5+ Kxh8 10. Bc4 Bg7 11. O-O h6 12. Qh4 d5 13. Nxd5 Be6 14. Ne3 Bxc4 15. Nxc4 Qd5 16. d3 Qh5 17. Qxh5 Nxh5 18. dxe4 Nd4 19. c3 Ne2+ 20. Kh1 Nxc1 21. Raxc1 b5 22. Ne3 Be5 23. g3 Nf6 24. f4 Bd6 25. e5 Bc5 26. exf6 Bxe3 27. Rce1 Bc5 28. f7 Bd6 29. Re8+ 1-0

[Event "Kent Oliver mem."]
[Site "Winnipeg CAN"]
[Date "2004.01.16"]
[Round "1"]
[White "Nair, Krishnan"]
[Black "Herkert, Dean"]
[Result "1-0"]
[WhiteElo "1245"]
[BlackElo "1773"]
[PlyCount "99"]
[GameId "2160767911200612"]
[EventDate "2004.01.16"]
[EventType "swiss"]
[EventRounds "5"]
[EventCountry "CAN"]
[SourceTitle "EXT 2005"]
[Source "ChessBase"]
[SourceDate "2004.11.15"]
[SourceVersion "1"]
[SourceVersionDate "2004.11.15"]
[SourceQuality "1"]

1. e4 Nf6 2. e5 Nd5 3. d4 d6 4. Nf3 Bg4 5. Be2 Nc6 6. c4 Nb6 7. Bf4 Bxf3 8. Bxf3 e6 9. d5 exd5 10. Bxd5 dxe5 11. Bxc6+ bxc6 12. Qxd8+ Rxd8 13. Bxe5 Bb4+ 14. Nc3 O-O 15. O-O Rd7 16. b3 Re8 17. a3 Bxc3 18. Bxc3 Rd3 19. Rac1 f6 20. Rfd1 Red8 21. Rxd3 Rxd3 22. Kf1 Kf7 23. Ke2 Rd7 24. Bb4 Nc8 25. a4 Nd6 26. Bc5 a6 27. a5 Nb7 28. Bb4 Ke6 29. c5 Rd5 30. f4 Rd4 31. Bd2 Kd5 32. b4 Re4+ 33. Kf3 Nd8 34. Rd1 Ne6 35. Bc3+ Nd4+ 36. Bxd4 Rxd4 37. Rxd4+ Kxd4 38. g4 g6 39. h4 Kc4 40. Ke4 Kxb4 41. f5 Kxc5 42. fxg6 hxg6 43. h5 f5+ 44. gxf5 gxh5 45. f6 Kd6 46. Kf5 Kd7 47. Kg6 h4 48. f7 Ke7 49. Kg7 h3 50. f8=Q+ 1-0